Statistics for All Communist Countries Ever!

Click here to take the quiz!

General Stats

  • This quiz has been taken 4,295 times
  • The average score is 16 of 25

Answer Stats

ContinentCountry% Correct
AsiaChina
96%
Europe/AsiaUSSR
95%
North AmericaCuba
93%
AsiaVietnam
92%
AsiaNorth Korea
88%
AsiaLaos
83%
EuropePoland
83%
EuropeYugoslavia
81%
EuropeRomania
80%
AsiaCambodia
77%
EuropeHungary
75%
EuropeBulgaria
74%
EuropeCzechoslovakia
73%
EuropeEast Germany
72%
EuropeAlbania
66%
AsiaMongolia
66%
AfricaAngola
53%
AsiaAfghanistan
48%
AfricaCongo
48%
AfricaEthiopia
47%
AfricaSomalia
41%
AfricaMozambique
40%
AfricaBenin
23%
AsiaSouth Yemen
18%
AsiaNorth Vietnam
17%

Score Distribution

Percentile by Number Answered

Percent of People with Each Score

Your Score History

You have not taken this quiz